| 000 | 00777cam a22002651 4500 | ||
|---|---|---|---|
| 001 | sa 66001381 | ||
| 003 | DLC | ||
| 005 | 20260227112221.0 | ||
| 008 | 910624s1963 ii 000 0 sano | ||
| 010 | _asa 66001381 | ||
| 035 | _a(OCoLC)23982762 | ||
| 040 |
_aDLC _cWaU _dDLC |
||
| 041 | 0 | _asaneng | |
| 042 | _apremarc | ||
| 050 | 0 | 0 |
_aPK541 _b.N35 |
| 100 | 0 |
_aNāgeśabhaṭṭa, _dactive 1670-1750. |
|
| 245 | 1 | 0 | _aVaiyākaraṇasiddhāntalaghumañjūṣā. |
| 260 | _c[1963] | ||
| 300 |
_a2, 8, 10, 2, 537 p. _c23 cm. |
||
| 440 | 0 |
_aKāśī Saṃskr̥ta granthamālā ; _v163 |
|
| 500 | _aIn Sanskrit; foreword in English. | ||
| 500 | _aAdded t. p. in English. | ||
| 650 | 0 |
_aSanskrit language _xGrammar. |
|
| 700 | 1 |
_aUpadhyaya, Sabhapati Sharma. _tRatnaprabhā. |
|
| 999 |
_c67762 _d67762 |
||